[Event "Online Olym Div2 D 2021"]
[Site "chess.com INT"]
[Date "2021.09.03"]
[Round "5.5"]
[Board "3"]
[White "Nassr, Lina"]
[Black "February, Jesse Nikki"]
[Result "1-0"]
[WhiteTitle "WIM"]
[BlackTitle "WIM"]
[WhiteElo "1970"]
[BlackElo "1857"]
[WhiteTeam "Algeria"]
[BlackTeam "South Africa"]
[WhiteFideId "7908075"]
[BlackFideId "14312336"]
[EventDate "2021.09.02"]
[EventType "team"]

1. d4 Nf6 2. Nf3 e6 3. e3 b6 4. b3 Bb7 5. Bb2 Be7 6. Bd3 O-O 7. O-O d6 8. c4
Nbd7 9. Nbd2 c5 10. Qe2 Re8 11. e4 cxd4 12. Nxd4 Nc5 13. Bc2 d5 14. e5 Nfe4 15.
Nxe4 dxe4 16. Rad1 Qc7 17. Nb5 Qc6 18. Qg4 Red8 19. Nd6 Bxd6 20. exd6 g6 21. Qg5
Nd3 22. Bxd3 exd3 23. Rxd3 h6 24. Rh3 Qxd6 25. Rxh6 e5 26. Bxe5 1-0

[Event "Online Olym Div2 D 2021"]
[Site "chess.com INT"]
[Date "2021.09.03"]
[Round "5.5"]
[Board "4"]
[White "Laubscher, Anzel"]
[Black "Abdi, Zineb Dina"]
[Result "1/2-1/2"]
[WhiteTitle "WIM"]
[BlackTitle "WIM"]
[WhiteElo "1699"]
[BlackElo "1926"]
[WhiteTeam "South Africa"]
[BlackTeam "Algeria"]
[WhiteFideId "14300800"]
[BlackFideId "7900880"]
[EventDate "2021.09.02"]
[EventType "team"]

1. Nf3 d5 2. c4 d4 3. d3 c5 4. g3 Nc6 5. Bg2 e5 6. O-O Bd6 7. Nbd2 Nf6 8. Ng5
O-O 9. Nge4 Re8 10. Nxd6 Qxd6 11. Ne4 Nxe4 12. Bxe4 f5 13. Bg2 Bd7 14. a3 a5 15.
Qc2 Qg6 16. f4 e4 17. e3 dxe3 18. Bxe3 Nd4 19. Bxd4 cxd4 20. Rae1 Bc6 21. b4
axb4 22. axb4 e3 23. b5 Bxg2 24. Qxg2 Qb6 25. Qd5+ Qe6 26. Qxd4 Rad8 27. Qc3 Qd6
28. Rf3 1/2-1/2

[Event "Online Olym Div2 D 2021"]
[Site "chess.com INT"]
[Date "2021.09.03"]
[Round "5.5"]
[Board "5"]
[White "Brahami, Lamine"]
[Black "Khumalo, Keith"]
[Result "0-1"]
[WhiteTitle "FM"]
[BlackTitle "CM"]
[WhiteElo "2194"]
[BlackElo "2108"]
[WhiteTeam "Algeria"]
[BlackTeam "South Africa"]
[WhiteFideId "7905637"]
[BlackFideId "14319470"]
[EventDate "2021.09.02"]
[EventType "team"]

1. d4 d5 2. c4 e6 3. Nc3 a6 4. Nf3 Nf6 5. Bg5 dxc4 6. e4 Be7 7. Bxc4 b5 8. Bd3
Bb7 9. O-O h6 10. Bxf6 Bxf6 11. e5 Be7 12. Be4 Bxe4 13. Nxe4 Qd5 14. Nc3 Qb7 15.
Re1 Nd7 16. d5 b4 17. dxe6 fxe6 18. Ne4 O-O-O 19. Qb3 Qb6 20. Rac1 Nc5 21. Nxc5
Bxc5 22. Qc2 Rd5 23. Rf1 g5 24. Nd2 Rf8 25. Nc4 Qb5 26. Qg6 Rxf2 27. Qxe6+ Kb8
28. Rxf2 Qxc4 29. Qe8+ Ka7 30. Rf1 Bxf2+ 31. Kxf2 Qd4+ 32. Kg3 Qh4+ 33. Kf3 Qf4+
34. Ke2 Rd2+ 35. Ke1 Qe3# 0-1

[Event "Online Olym Div2 D 2021"]
[Site "chess.com INT"]
[Date "2021.09.03"]
[Round "5.5"]
[Board "6"]
[White "Marais, Nina"]
[Black "Boubendir, Nesrine"]
[Result "1-0"]
[WhiteTitle "WCM"]
[WhiteElo "1697"]
[BlackElo "1620"]
[WhiteTeam "South Africa"]
[BlackTeam "Algeria"]
[WhiteFideId "14306883"]
[BlackFideId "7904991"]
[EventDate "2021.09.02"]
[EventType "team"]

1. d4 Nf6 2. c4 e6 3. Nc3 Bb4 4. e3 b6 5. Ne2 Bb7 6. a3 Bxc3+ 7. Nxc3 O-O 8. Bd3
d6 9. O-O Nbd7 10. e4 c5 11. d5 Ne5 12. Be2 Qe7 13. Bg5 h6 14. Bh4 Ng6 15. Bg3
e5 16. Qd2 Nh7 17. Bh5 Qg5 18. Qxg5 Nxg5 19. h4 Nh7 20. Nb5 Rfd8 21. Bxg6 fxg6
22. f4 a6 23. Nc7 Rac8 24. Ne6 Rd7 25. fxe5 dxe5 26. Bxe5 Re7 27. Bxg7 Rxg7 28.
Nxg7 Kxg7 29. e5 Re8 30. Rae1 Bc8 31. Rf3 Bf5 32. Rb3 Rb8 33. e6 Kf6 34. Rf3 Ke7
35. g4 Rf8 36. gxf5 Rxf5 37. Rxf5 gxf5 38. d6+ Kxd6 39. e7 Nf6 40. e8=Q Nxe8 41.
Rxe8 b5 42. b3 f4 43. Kf2 h5 44. Kf3 bxc4 45. bxc4 a5 46. Kxf4 Kd7 47. Rh8 Ke7
48. Rxh5 Kf7 49. Rxc5 Kg7 50. Kg5 Kh8 51. Rc7 Kg8 52. Kf6 Kf8 53. Rc8# 1-0

[Event "Online Olym Div2 D 2021"]
[Site "chess.com INT"]
[Date "2021.09.03"]
[Round "6.1"]
[Board "1"]
[White "Tissir, Mohamed"]
[Black "Masiya, Mfundo"]
[Result "1-0"]
[WhiteTitle "IM"]
[WhiteElo "2375"]
[BlackElo "1944"]
[WhiteTeam "Morocco"]
[BlackTeam "South Africa"]
[WhiteFideId "9000240"]
[BlackFideId "14321114"]
[EventDate "2021.09.02"]
[EventType "team"]

1. e4 c5 2. Nc3 Nc6 3. Bb5 Nd4 4. Bc4 e6 5. Nge2 Ne7 6. Nxd4 cxd4 7. Ne2 Nc6 8.
O-O Be7 9. d3 O-O 10. Bb3 Qb6 11. f4 d6 12. f5 Na5 13. Ng3 Nxb3 14. axb3 Kh8 15.
Qh5 Qc5 16. Rf2 Bd7 17. Bd2 Bf6 18. Raf1 Qxc2 19. Bg5 Qxd3 20. Bxf6 gxf6 21. Qh6
Rg8 22. Nh5 Rg4 23. Nxf6 Rg7 24. Rf3 Qe2 25. Rg3 Rag8 26. Qxh7+ Rxh7 27. Rxg8# 1-0

[Event "Online Olym Div2 D 2021"]
[Site "chess.com INT"]
[Date "2021.09.03"]
[Round "6.1"]
[Board "2"]
[White "Ngcongo, Minenhle"]
[Black "Ali, Sebbar"]
[Result "0-1"]
[BlackTitle "IM"]
[WhiteElo "1651"]
[BlackElo "2399"]
[WhiteTeam "South Africa"]
[BlackTeam "Morocco"]
[WhiteFideId "14332370"]
[BlackFideId "8100977"]
[EventDate "2021.09.02"]
[EventType "team"]

1. e4 c5 2. Nf3 Nc6 3. Bb5 Nf6 4. Nc3 g6 5. O-O Bg7 6. Bxc6 bxc6 7. d3 O-O 8.
Be3 d6 9. h3 e5 10. Qd2 Nh5 11. Bh6 f6 12. g4 Bxh6 13. Qxh6 Nf4 14. Kh2 Rb8 15.
Rab1 Rb7 16. Rg1 g5 17. h4 Rg7 18. h5 Qe7 19. Nd1 Ne6 20. Ne3 Nd8 21. Nf5 Bxf5
22. gxf5 Nf7 23. Qxg7+ Kxg7 24. Kg3 Rb8 25. b3 h6 26. Kh2 d5 27. Nh4 Nd6 28. f3
Kf7 29. Ng6 Qb7 30. c4 d4 31. Rg2 a5 32. a3 Qa6 33. Rgb2 Qa8 34. Kg3 Rb6 35. Kf2
Ke8 36. Ke2 Kd7 37. Kf2 Kc7 38. Kg3 Nb7 39. Kf2 Qb8 40. Ke2 a4 41. b4 Na5 42.
Ne7 Nb3 43. b5 Qe8 44. Nxc6 Qxh5 45. Rf1 Qh2+ 46. Rf2 Qf4 47. Kf1 Qe3 48. Ne7
Qxd3+ 49. Kg2 Rd6 50. Rbc2 h5 51. Kh2 g4 52. fxg4 hxg4 53. Rfe2 Qh3+ 54. Kg1 d3
55. Nd5+ Rxd5 56. cxd5 dxc2 57. Rxc2 Qg3+ 58. Rg2 Qe1+ 59. Kh2 Qxe4 60. b6+ Kxb6
61. d6 Qf4+ 62. Kg1 Kc6 63. d7 Kxd7 64. Kh1 Nd4 65. Ra2 g3 66. Kg1 Nxf5 67. Kh1
Qf1# 0-1

[Event "Online Olym Div2 D 2021"]
[Site "chess.com INT"]
[Date "2021.09.03"]
[Round "6.1"]
[Board "3"]
[White "Elamri, Laila A."]
[Black "February, Jesse Nikki"]
[Result "1-0"]
[WhiteTitle "WFM"]
[BlackTitle "WIM"]
[WhiteElo "1901"]
[BlackElo "1857"]
[WhiteTeam "Morocco"]
[BlackTeam "South Africa"]
[WhiteFideId "9000704"]
[BlackFideId "14312336"]
[EventDate "2021.09.02"]
[EventType "team"]

1. e4 e6 2. d4 d5 3. e5 c5 4. c3 Nc6 5. Nf3 cxd4 6. cxd4 f6 7. Bb5 Bd7 8. Bxc6
bxc6 9. O-O c5 10. exf6 Nxf6 11. dxc5 Bxc5 12. Ne5 O-O 13. Nxd7 Qxd7 14. Re1 e5
15. Rxe5 Bxf2+ 16. Kh1 Rae8 17. Re2 Rxe2 18. Qxe2 Ng4 19. Bd2 Qd6 20. Qxg4 Be1
21. Qe2 Qe5 22. Be3 Bf2 23. Nc3 Bxe3 24. Nxd5 Qxd5 25. Qxe3 a5 26. h3 Kh8 27.
Qe7 Rd8 28. Re1 h6 29. Qe6 Qd2 30. Re2 Qd1+ 31. Kh2 Qd4 32. Qe5 Qd7 33. Qxa5 Qd3
34. Re3 Qd6+ 35. Qe5 Qa6 36. Qe7 Ra8 37. a3 Qf1 38. Qe4 Rf8 39. Rf3 Rxf3 40.
Qxf3 Qb5 41. Qf8+ Kh7 42. Qb4 Qe5+ 43. Kh1 Qf5 44. Qc4 Qb1+ 45. Kh2 Qxb2 46. Qb4
Qe5+ 47. Kg1 Qe3+ 48. Kf1 Qc1+ 49. Kf2 Qc2+ 50. Kg3 h5 51. Kf3 Qd1+ 52. Kg3 Qd3+
53. Kh2 Qf5 54. a4 Qe5+ 55. Kg1 Qe3+ 56. Kh1 Qc1+ 57. Kh2 Qc7+ 58. Kg1 Qc1+ 59.
Kf2 Qc2+ 60. Kf3 Qd1+ 61. Kg3 Qd3+ 62. Kh2 Qe3 63. Qb1+ Kh6 64. Qb8 g5 65. a5 g4
66. a6 gxh3 67. Qd6+ Kh7 68. Qd7+ Kh6 69. Qxh3 Qe5+ 70. Qg3 Qa5 71. Qd6+ Kg5 72.
Qd3 h4 73. Qe3+ Kh5 74. a7 Qc7+ 75. Kh1 Qd8 76. Qf3+ Kh6 77. a8=Q Qe7 78. Qac6+
Kh7 79. Qf5+ Kg8 80. Qcg6+ 1-0

[Event "Online Olym Div2 D 2021"]
[Site "chess.com INT"]
[Date "2021.09.03"]
[Round "6.1"]
[Board "4"]
[White "Laubscher, Anzel"]
[Black "Mayar ElIdrissi, Firdaous"]
[Result "0-1"]
[WhiteTitle "WIM"]
[WhiteElo "1699"]
[BlackElo "1760"]
[WhiteTeam "South Africa"]
[BlackTeam "Morocco"]
[WhiteFideId "14300800"]
[BlackFideId "9001727"]
[EventDate "2021.09.02"]
[EventType "team"]

1. d4 d5 2. c4 c6 3. Nc3 Nf6 4. Nf3 Bf5 5. Bg5 e6 6. e3 Be7 7. Be2 Nbd7 8. O-O
O-O 9. Rc1 dxc4 10. Bxc4 Nb6 11. Bb3 Rc8 12. Qe2 Bg6 13. h3 h6 14. Bf4 Nbd5 15.
Nxd5 cxd5 16. Ne5 Bh7 17. Bc2 Bxc2 18. Rxc2 Qa5 19. a3 Ne4 20. Rfc1 Rxc2 21.
Qxc2 Nd6 22. Qc3 Qb5 23. b4 Rc8 24. Qa1 Nc4 25. Qc3 a5 26. Rb1 axb4 27. Rxb4
Bxb4 28. Qxb4 Qxb4 29. axb4 Nxe5 30. Bxe5 f6 31. Bd6 Rc2 32. Kf1 f5 33. f4 h5
34. h4 Kf7 35. g3 Ke8 36. Bc5 Kd7 37. Bf8 g6 38. Bc5 Kc6 39. Be7 Kb5 40. Bc5 Kc4 0-1

[Event "Online Olym Div2 D 2021"]
[Site "chess.com INT"]
[Date "2021.09.03"]
[Round "6.1"]
[Board "6"]
[White "Marais, Nina"]
[Black "Makhlouf, Ahlam"]
[Result "1-0"]
[WhiteTitle "WCM"]
[BlackTitle "WFM"]
[WhiteElo "1697"]
[BlackElo "1419"]
[WhiteTeam "South Africa"]
[BlackTeam "Morocco"]
[WhiteFideId "14306883"]
[BlackFideId "9003380"]
[EventDate "2021.09.02"]
[EventType "team"]

1. d4 Nf6 2. c4 g6 3. Nc3 Bg7 4. e4 d6 5. f3 O-O 6. Be3 Nbd7 7. Nge2 e5 8. d5
Nc5 9. g4 Bxg4 10. fxg4 Nfxe4 11. h4 f5 12. Qc2 Nxc3 13. Nxc3 e4 14. gxf5 Rxf5
15. O-O-O Rf6 16. Bg5 e3 17. Bxf6 Qxf6 18. Be2 Re8 19. Rdf1 Qd4 20. h5 Ne4 21.
Nxe4 Rxe4 22. hxg6 hxg6 23. Rd1 Qe5 24. Rhf1 Rh4 25. Rh1 Rf4 26. Rdf1 Rf2 27.
Rxf2 exf2 28. Kb1 g5 29. Rf1 Qd4 30. Bd3 g4 31. Rxf2 g3 32. Rg2 Be5 33. Qe2 Kg7
34. Qf3 Kh6 35. Qf5 Kg7 36. Qe4 Qxe4 37. Bxe4 Kf6 38. Kc2 Kg5 39. b3 Kg4 40. Kd3
Kh3 41. Ke2 a6 42. Kf3 b6 43. Bf5+ Kh4 44. Bd7 a5 45. a3 Kg5 46. Rxg3+ Bxg3 47.
Kxg3 Kf6 48. Kf4 Ke7 49. Ba4 Kf6 50. Be8 Ke7 51. Bh5 Kf6 52. Bg4 Kg6 53. Bf5+
Kf6 54. a4 Kf7 55. Kg5 Kg7 56. Be6 Kf8 57. Kf6 Ke8 58. Bf5 Kf8 59. Bg6 Kg8 60.
Ke7 Kg7 61. Bc2 1-0

[Event "Online Olym Div2 D 2021"]
[Site "chess.com INT"]
[Date "2021.09.03"]
[Round "6.2"]
[Board "1"]
[White "Fier, Alexandr"]
[Black "Boulrens, Ala Eddine"]
[Result "1-0"]
[WhiteTitle "GM"]
[WhiteElo "2564"]
[BlackElo "2016"]
[WhiteTeam "Brazil"]
[BlackTeam "Algeria"]
[WhiteFideId "2107139"]
[BlackFideId "7907559"]
[EventDate "2021.09.02"]
[EventType "team"]

1. e4 e5 2. f4 d6 3. Nf3 Nc6 4. Bc4 Be7 5. O-O Nf6 6. Nc3 O-O 7. f5 Nd4 8. d3 c6
9. Nxd4 exd4 10. Ne2 d5 11. exd5 Nxd5 12. Nxd4 Bc5 13. c3 Nxc3 14. bxc3 Bxd4+
15. cxd4 Qxd4+ 16. Kh1 Qxa1 17. Qe2 Bxf5 18. Bb2 Bxd3 19. Bxd3 Qxa2 20. Bc4 Qa5
21. Qg4 g6 22. Qd4 Qc3 23. Bxc3 1-0

[Event "Online Olym Div2 D 2021"]
[Site "chess.com INT"]
[Date "2021.09.03"]
[Round "6.2"]
[Board "2"]
[White "Achour, Mohamed Anis"]
[Black "El Debs, Felipe de Cresce"]
[Result "0-1"]
[BlackTitle "GM"]
[WhiteElo "2006"]
[BlackElo "2553"]
[WhiteTeam "Algeria"]
[BlackTeam "Brazil"]
[WhiteFideId "7904649"]
[BlackFideId "2106981"]
[EventDate "2021.09.02"]
[EventType "team"]

1. d4 Nf6 2. Bf4 e6 3. e3 c5 4. c3 d5 5. Nf3 Nc6 6. Nbd2 Bd6 7. Bg3 O-O 8. Bd3
b6 9. Ne5 Ne7 10. Qb1 a5 11. Bh4 Ng6 12. Bg5 Ba6 13. f4 Bxd3 14. Qxd3 c4 15. Qc2
Be7 16. O-O b5 17. Rf3 Nd7 18. Bxe7 Qxe7 19. Rh3 Ndxe5 20. fxe5 f5 21. exf6 Rxf6
22. Nf3 Raf8 23. Ne5 Qe8 24. a3 Rf5 25. e4 dxe4 26. Qxe4 Nxe5 27. dxe5 Qf7 28.
Qb1 h6 29. Qe1 Rxe5 30. Re3 Qa7 0-1

[Event "Online Olym Div2 D 2021"]
[Site "chess.com INT"]
[Date "2021.09.03"]
[Round "6.2"]
[Board "3"]
[White "Terao, Juliana Sayumi"]
[Black "Nassr, Lina"]
[Result "1-0"]
[WhiteTitle "FM"]
[BlackTitle "WIM"]
[WhiteElo "2252"]
[BlackElo "1970"]
[WhiteTeam "Brazil"]
[BlackTeam "Algeria"]
[WhiteFideId "2109220"]
[BlackFideId "7908075"]
[EventDate "2021.09.02"]
[EventType "team"]

1. e4 c5 2. Nf3 e6 3. c3 Nc6 4. d4 cxd4 5. cxd4 d5 6. e5 Nge7 7. Nc3 Nf5 8. a3
Bd7 9. h4 Be7 10. h5 h6 11. g3 Bg5 12. Bh3 Bxc1 13. Rxc1 Nfe7 14. O-O O-O 15.
Qd3 Na5 16. Nd2 Rc8 17. Rc2 Qb6 18. Rfc1 Nb3 19. Nxb3 Qxb3 20. Bf1 a6 21. Qd2
Qb6 22. b4 Nf5 23. Rd1 Rc7 24. g4 Ne7 25. b5 Rfc8 26. a4 axb5 27. axb5 Kh8 28.
Rdc1 Qa5 29. Qd3 Qb4 30. Na2 Qa5 31. Rxc7 Rxc7 32. Rxc7 Qxc7 33. Qc3 Qxc3 34.
Nxc3 g6 35. hxg6 Nxg6 36. Kg2 Kg7 37. Kg3 f6 38. f4 fxe5 39. dxe5 Ne7 40. Bd3
Nc8 41. Ne2 Nb6 42. Nd4 Na4 43. f5 exf5 44. gxf5 Nc5 45. Bc2 Bc8 46. Kf4 Kf7 47.
Nb3 Na4 48. Bd1 Nc3 49. Bh5+ Ke7 50. Nd4 Bd7 51. f6+ Kf8 52. e6 Bxe6 53. Nxe6+
Kg8 54. f7+ Kh7 55. f8=Q Nxb5 56. Qg7# 1-0

[Event "Online Olym Div2 D 2021"]
[Site "chess.com INT"]
[Date "2021.09.03"]
[Round "6.2"]
[Board "4"]
[White "Abdi, Zineb Dina"]
[Black "Chang, Suzana"]
[Result "1/2-1/2"]
[WhiteTitle "WIM"]
[BlackTitle "WFM"]
[WhiteElo "1926"]
[BlackElo "2034"]
[WhiteTeam "Algeria"]
[BlackTeam "Brazil"]
[WhiteFideId "7900880"]
[BlackFideId "2105985"]
[EventDate "2021.09.02"]
[EventType "team"]

1. e4 c5 2. Nf3 e6 3. d4 cxd4 4. Nxd4 Nc6 5. Nb5 d6 6. c4 Nf6 7. N1c3 a6 8. Na3
Be7 9. Be2 O-O 10. O-O b6 11. Be3 Bb7 12. f3 Rc8 13. Rc1 Re8 14. Qd2 Bf8 15.
Rfd1 Nd7 16. Nc2 Nce5 17. b3 Qc7 18. Nd4 Qb8 19. Qe1 Nc6 20. Qf2 Nxd4 21. Bxd4
Bc6 22. Be3 b5 23. Bd3 Ne5 24. Bf1 bxc4 25. bxc4 Bb7 26. Na4 Qc7 27. Nb6 Rb8 28.
Bd4 Nc6 29. Be3 Ne5 30. Bd4 Nc6 31. Be3 Ne5 1/2-1/2

[Event "Online Olym Div2 D 2021"]
[Site "chess.com INT"]
[Date "2021.09.03"]
[Round "6.2"]
[Board "5"]
[White "Labussiere, Victor"]
[Black "Djabri, Massinas"]
[Result "0-1"]
[WhiteTitle "FM"]
[BlackTitle "FM"]
[WhiteElo "2291"]
[BlackElo "2161"]
[WhiteTeam "Brazil"]
[BlackTeam "Algeria"]
[WhiteFideId "2183129"]
[BlackFideId "7905726"]
[EventDate "2021.09.02"]
[EventType "team"]

1. Nf3 Nf6 2. c4 g6 3. Nc3 Bg7 4. e4 O-O 5. d4 d6 6. Be2 e5 7. d5 c5 8. a3 Nbd7
9. Bg5 h6 10. Bh4 Qb6 11. Rb1 Nh5 12. O-O Nf4 13. Ne1 f5 14. exf5 Nxe2+ 15. Qxe2
gxf5 16. f4 e4 17. Nc2 Nf6 18. Ne3 Bd7 19. Qc2 Rae8 20. Kh1 Kh8 21. Qd2 Qb3 22.
Bf2 a6 23. Qd1 Qxd1 24. Rfxd1 Nh5 25. Ne2 Rb8 26. b4 b6 27. Bh4 Rfe8 28. Rdc1
Kg8 29. Kg1 Kf7 30. Kf1 Rec8 31. Ke1 Bd4 32. Bf2 Bf6 33. g3 Bg7 34. Kd2 Nf6 35.
h3 h5 36. h4 Ng4 37. Nxg4 hxg4 38. bxc5 bxc5 39. Nc3 Kg6 40. Be3 Bd4 41. Nd1 Ba4
42. Nc3 Bd7 43. Nd1 Ba4 44. Nc3 Bb3 45. Ne2 Bf6 46. Bf2 Ba2 47. Rxb8 Rxb8 48.
Rc2 Bb1 49. Rc1 Rb2+ 50. Ke1 Bd3 51. Ng1 Bd4 52. Bxd4 cxd4 53. c5 dxc5 54. d6
Kf7 55. h5 Ke6 56. h6 Kxd6 0-1

[Event "Online Olym Div2 D 2021"]
[Site "chess.com INT"]
[Date "2021.09.03"]
[Round "6.2"]
[Board "6"]
[White "Nassr, Ryma"]
[Black "Frattini, Beatriz Maria"]
[Result "1/2-1/2"]
[WhiteTitle "WCM"]
[BlackTitle "WCM"]
[WhiteElo "1509"]
[BlackElo "1847"]
[WhiteTeam "Algeria"]
[BlackTeam "Brazil"]
[WhiteFideId "7920296"]
[BlackFideId "22715002"]
[EventDate "2021.09.02"]
[EventType "team"]

1. e3 Nf6 2. d4 g6 3. Nf3 Bg7 4. c4 O-O 5. Be2 c5 6. O-O d6 7. d5 e6 8. Nc3 exd5
9. Nxd5 Nxd5 10. Qxd5 Qc7 11. Rd1 Rd8 12. Ng5 Nc6 13. Ne4 Be6 14. Qd2 Ne5 15.
Qc2 a6 16. Bd2 Qe7 17. Bc3 f5 18. Ng3 Rab8 19. a4 Qf7 20. b3 Nc6 21. Bxg7 Qxg7
22. Rac1 Nb4 23. Qc3 Qxc3 24. Rxc3 b6 25. Nf1 d5 26. cxd5 Bxd5 27. Nd2 Be6 28.
Rcc1 Nd3 29. Rc2 Nb4 30. Rcc1 Rd6 31. Nc4 Rxd1+ 32. Rxd1 b5 33. axb5 axb5 34.
Nd6 Bxb3 35. Rb1 Ba4 36. Rc1 Rb6 37. Nc8 Rb8 38. Rxc5 Na6 39. Rc1 Nb4 40. Nd6
Na2 41. Rc5 b4 42. Nc4 Nc3 43. Bf3 b3 44. Nb2 Ne4 45. Bxe4 fxe4 46. Nxa4 b2 47.
Nxb2 Rxb2 48. g3 Rb4 49. Rc8+ Kg7 50. Rc7+ Kh6 51. Kg2 g5 52. Re7 Kg6 53. Kh3 h5
54. Re6+ Kg7 55. Re5 Kf6 56. Ra5 Rb2 57. Kg2 Rb4 58. Kh3 Rb2 59. Kg2 Rb4 60. Kh3 1/2-1/2

[Event "Online Olym Div2 D 2021"]
[Site "chess.com INT"]
[Date "2021.09.03"]
[Round "6.3"]
[Board "1"]
[White "Rodriguez Vila, Andres"]
[Black "Flores, Diego"]
[Result "1-0"]
[WhiteTitle "GM"]
[BlackTitle "GM"]
[WhiteElo "2484"]
[BlackElo "2599"]
[WhiteTeam "Uruguay"]
[BlackTeam "Argentina"]
[WhiteFideId "3000010"]
[BlackFideId "108049"]
[EventDate "2021.09.02"]
[EventType "team"]

1. e4 c5 2. Nf3 e6 3. Qe2 Nc6 4. g3 d6 5. Bg2 Nf6 6. O-O Be7 7. c3 O-O 8. d4 d5
9. e5 Ne4 10. Nbd2 Nxd2 11. Bxd2 b6 12. Bf4 a5 13. Rfd1 Ba6 14. Qd2 a4 15. h4
Na5 16. Bg5 Nc4 17. Qc2 a3 18. b3 Nb2 19. Rd2 h6 20. Bxe7 Qxe7 21. Re1 Rac8 22.
Re3 Rc7 23. g4 g6 24. g5 h5 25. Ne1 b5 26. dxc5 Qxc5 27. Rd4 Qxd4 28. cxd4 Rxc2
29. Nxc2 Rc8 30. Nb4 Rc1+ 31. Bf1 Bc8 32. Re2 Bd7 33. Rc2 Rxc2 34. Nxc2 Nd1 35.
Bd3 Kf8 36. Kf1 Ke7 37. Ke1 Nc3 38. Nb4 Ne4 39. Ke2 Kd8 40. Ke3 Nc3 41. Kd2 Ne4+
42. Bxe4 dxe4 43. Ke3 Kc7 44. Kxe4 Kb6 45. Kd3 Bc8 46. Kc3 Bb7 47. Nd3 Be4 48.
Nb4 Bb1 49. d5 exd5 50. Nxd5+ Kc5 51. Nb4 Be4 52. f4 Bb1 53. Nd3+ Kd5 54. Nf2
Bxa2 55. Kc2 Kd4 56. Nd3 Ke4 57. Nb4 Bxb3+ 58. Kxb3 Kxf4 59. Nc6 Kf5 60. Kxa3
Kg4 61. Nd8 Kf5 62. Nxf7 Ke6 63. Nh8 Kxe5 64. Nxg6+ Kf5 65. Ne7+ Ke6 66. Nc6 1-0

[Event "Online Olym Div2 D 2021"]
[Site "chess.com INT"]
[Date "2021.09.03"]
[Round "6.3"]
[Board "2"]
[White "Perez Ponsa, Federico"]
[Black "Roselli Mailhe, Bernardo"]
[Result "1-0"]
[WhiteTitle "GM"]
[BlackTitle "IM"]
[WhiteElo "2554"]
[BlackElo "2430"]
[WhiteTeam "Argentina"]
[BlackTeam "Uruguay"]
[WhiteFideId "117927"]
[BlackFideId "3000028"]
[EventDate "2021.09.02"]
[EventType "team"]

1. d4 Nf6 2. c4 g6 3. Nc3 Bg7 4. e4 d6 5. Nf3 O-O 6. Be2 e5 7. d5 a5 8. Be3 Ng4
9. Bg5 f6 10. Bh4 h5 11. Nd2 Nh6 12. f3 Na6 13. h3 Nf7 14. g4 hxg4 15. fxg4 Bh6
16. a3 Nc5 17. Nb3 Bf4 18. Nxc5 dxc5 19. Qc2 Kg7 20. Bf2 b6 21. Qd3 Rh8 22. Kd1
Nd6 23. a4 Bd7 24. Kc2 g5 25. b3 Qe7 26. Rag1 Rh6 27. h4 gxh4 28. Rxh4 Rxh4 29.
Bxh4 Rh8 30. Bf2 Be8 31. Qf3 Nf7 32. Rh1 Ng5 33. Qg2 Qf8 34. Bd3 Bg6 35. Be1 Be8
36. Ne2 Rxh1 37. Qxh1 Bd7 38. Nxf4 exf4 39. e5 fxe5 40. Qh5 Qf6 41. Bh4 Qh6 42.
Bxg5 1-0

[Event "Online Olym Div2 D 2021"]
[Site "chess.com INT"]
[Date "2021.09.03"]
[Round "6.3"]
[Board "3"]
[White "de Leon, Patricia"]
[Black "Lujan, Carolina"]
[Result "0-1"]
[WhiteTitle "WFM"]
[BlackTitle "IM"]
[WhiteElo "2004"]
[BlackElo "2340"]
[WhiteTeam "Uruguay"]
[BlackTeam "Argentina"]
[WhiteFideId "3000273"]
[BlackFideId "109878"]
[EventDate "2021.09.02"]
[EventType "team"]

1. d4 Nf6 2. c4 g6 3. Nc3 d5 4. cxd5 Nxd5 5. Bd2 Nb6 6. Nf3 Bg7 7. e3 O-O 8. Be2
N8d7 9. O-O c5 10. d5 Nf6 11. e4 e5 12. h3 Nbd7 13. Qc2 Ne8 14. Rad1 Nd6 15. Nb5
Nf6 16. Nxd6 Qxd6 17. Bc3 Nh5 18. Nd2 Nf4 19. Nc4 Qe7 20. d6 Qg5 21. d7 Qxg2# 0-1

[Event "Online Olym Div2 D 2021"]
[Site "chess.com INT"]
[Date "2021.09.03"]
[Round "6.3"]
[Board "4"]
[White "Borda Rodas, Anapaola S."]
[Black "De Leon, Daiana"]
[Result "1-0"]
[WhiteTitle "WFM"]
[BlackTitle "WCM"]
[WhiteElo "2162"]
[BlackElo "1601"]
[WhiteTeam "Argentina"]
[BlackTeam "Uruguay"]
[WhiteFideId "152781"]
[BlackFideId "3002527"]
[EventDate "2021.09.02"]
[EventType "team"]

1. e4 c6 2. d4 d5 3. e5 c5 4. dxc5 Nc6 5. Bb5 e6 6. Be3 Ne7 7. c3 Bd7 8. Bxc6
Nxc6 9. Bd4 Qc7 10. Nf3 Ne7 11. O-O Nf5 12. b4 Be7 13. Nbd2 O-O 14. Re1 Rfc8 15.
Nb3 Ba4 16. g4 Nh4 17. Nxh4 Bxh4 18. Qf3 Qe7 19. Qe3 Bxb3 20. axb3 a6 21. Re2
Qd7 22. f4 h6 23. Kh1 Qb5 24. Ra5 Qc6 25. g5 Qc7 26. Rg2 Kh7 27. Rg4 hxg5 28.
fxg5 Bxg5 29. Qxg5 g6 30. Rh4+ Kg8 31. Qf6 1-0

[Event "Online Olym Div2 D 2021"]
[Site "chess.com INT"]
[Date "2021.09.03"]
[Round "6.3"]
[Board "5"]
[White "Vazquez, Facundo"]
[Black "Coro, Lucas"]
[Result "1/2-1/2"]
[WhiteTitle "CM"]
[BlackTitle "IM"]
[WhiteElo "2190"]
[BlackElo "2352"]
[WhiteTeam "Uruguay"]
[BlackTeam "Argentina"]
[WhiteFideId "3007669"]
[BlackFideId "147222"]
[EventDate "2021.09.02"]
[EventType "team"]

1. d4 Nf6 2. c4 e6 3. Nf3 d5 4. Nc3 Be7 5. cxd5 exd5 6. Bg5 c6 7. Qc2 g6 8. e3
Bf5 9. Bd3 Bxd3 10. Qxd3 Nbd7 11. Bh6 Ng4 12. Bf4 O-O 13. h3 Ngf6 14. O-O Re8
15. Rab1 a5 16. Rfc1 Bf8 17. Nd2 Nb6 18. Nb3 Nc4 19. Nd2 Nd6 20. Na4 Nfe4 21. a3
Nxd2 22. Qxd2 Nc4 23. Qd3 Ra7 24. Nc5 b6 25. Nb3 a4 26. Nd2 b5 27. Re1 Bd6 28.
Bxd6 Nxd6 29. Qc2 Nc4 30. Nxc4 dxc4 31. Rbd1 Rd7 32. Rd2 f5 33. Red1 Rd5 1/2-1/2